000
00215nam a22000857a 4500
008
160624b xxu||||| |||| 00| 0 eng d
100
_9
1061
_a
Deane, D
245
_a
Grace Livingston Hill
260
_a
N.Y
_b
Bantam Books
_c
1970
999
_c
848
_d
848